Cálculo infinitesimal (Record no. 69467)

MARC details
000 -LEADER
campo de control de longitud fija 00517nam a2200169 i 4500
001 - NÚMERO DE CONTROL
campo de control 69467
003 - IDENTIFICADOR DE NÚMERO DE CONTROL
campo de control ES-MaACL
005 - FECHA Y HORA DE LA ÚLTIMA TRANSACCIÓN
campo de control 20230906170528.0
007 - CAMPO FIJO DE DESCRIPCIÓN FÍSICA--INFORMACIÓN GENERAL
campo de control de longitud fija t|
008 - DATOS DE LONGITUD FIJA--INFORMACIÓN GENERAL
campo de control de longitud fija 040706s1979 sp ||||1| spa d
100 1# - ENTRADA PRINCIPAL--NOMBRE DE PERSONA
Nombre de persona García Castro, Fernando.
9 (RLIN) 54363
245 10 - MENCIÓN DEL TÍTULO
Título Cálculo infinitesimal
Resto del título : I /
Mención de responsabilidad, etc. Fernando García Castro, Andrés Gutiérrez Gómez.
260 ## - PUBLICACIÓN, DISTRIBUCIÓN, ETC.
Lugar de publicación, distribución, etc. Madrid :
Nombre del editor, distribuidor, etc. Pirámide,
Fecha de publicación, distribución, etc. [1979]
300 ## - DESCRIPCIÓN FÍSICA
Extensión 230 p. ;
Dimensiones 23 cm.
700 1# - ENTRADA AGREGADA--NOMBRE PERSONAL
Nombre de persona Gutiérrez Gómez, Andrés.
9 (RLIN) 61156
852 ## - LOCALIZACIÓN
Ubicación ES-MaACL
Número de control de estantería A-10576
Sublocalización o colección R.99770
Holdings
Estatus retirado Estado de pérdida Estado de daño No para préstamo Biblioteca de origen Biblioteca actual Ubicación en estantería Fecha de adquisición Fuente de adquisición Total de préstamos Signatura topográfica completa Código de barras Visto por última vez Precio de reemplazo Tipo de ítem Koha
        Biblioteca del Ateneo de Madrid Biblioteca del Ateneo de Madrid Depósito 1 17/01/2008     A-10576 1072744 23/02/2023 23/02/2023 Libro impreso